Un libro bien bonito : para grados iniciales /

Guardado en:
Autor Principal: Cuter, María Elena
Otros Autores: Torres, Mirta Alicia, Ulrich, Stella Maris
Formato: Libro
Publicado: Buenos Aires : Aique, 1991
Edición:3a. ed.
Materias:
Etiquetas: Agregar Etiqueta
Sin Etiquetas, Sea el primero en etiquetar este registro!
LEADER 00769nam a22002295a 4500
001 CEM.cems012447
005 20070418153101.0
008 130507s1991##################000#0#####d
003 CEMS
020 |a 9507010041 
082 0 4 |a 372.41 
100 1 |a Cuter, María Elena 
245 1 0 |a Un libro bien bonito :  |b para grados iniciales /  |c María Elena Cuter, Mirta Alicia Torres y Stella Maris Ulrich 
250 |a 3a. ed. 
260 |a Buenos Aires :  |b Aique,  |c 1991 
300 |a 113 p. 
500 |a Para uso exclusivo del docente -- Para grados iniciales 
653 |a Biblioteca maría de los Ángeles saggio 
653 |a Lengua-1° egb 
700 1 |a Torres, Mirta Alicia 
700 1 |a Ulrich, Stella Maris 
859 |a CEMS  |b BIB. CEMS - 11 de abril  |h 372.41  |i C831a3  |p 23727.07  |t Ej.1